00428nam a2200133 a 450000100100000000500170001000800410002704000250006810000310009324500610012426000590018530000200024450400300026400003815820201002031202.0130319s1997 dr 000 0 spa d aDO-SdBNPbspacBNPHU1 aPiña Martínez, Alfredo13aLa ejecución provisional /cAlfredo Piña Martínez. aSan Francisco de Macorís, :bImpresora Kalis,c1997. a44 p. ;c23 cm. aBibliografía : p. 43-44